| 000 | 00762nam a2200217 i 4500 | ||
|---|---|---|---|
| 001 | 112762 | ||
| 003 | ES-MaACL | ||
| 005 | 20251124122053.0 | ||
| 008 | 061121s1929 sp |||| | spa d | ||
| 100 | 1 |
_aNóvoa Santos, Roberto, _d1885-1933 _986096 |
|
| 245 | 1 | 3 |
_aLa mujer, nuestro sexto sentido y otros esbozos / _cRoberto Nóvoa Santos. |
| 250 | _a1ª ed. | ||
| 260 |
_aMadrid : _bBiblioteca Nueva, _c1929 ( _fTall. Espasa-Calpe) |
||
| 300 |
_a256 p. ; _c20 x 13 cm. |
||
| 530 | _aDisponible en formato digital. | ||
| 650 | 4 |
_aMujeres- _xConducta sexual _915259 |
|
| 852 |
_aES-MaACL _jB-3323 _cSPB |
||
| 856 | 4 |
_uhttp://bdh-rd.bne.es/viewer.vm?id=0000251093&page=1 _y(Biblioteca Digital Hispánica) |
|
| 942 | _2udc | ||
| 999 |
_c112762 _d112762 |
||